000
00316nam a2200121Ia 4500
008
180205s9999 xx 000 0 und d
020
_a
1582558396
100
_a
Yuan, Sarah Y.
245
_a
Handbook of diseases /
250
_a
3rd ed
260
_a
USA
_b
Lippincott williams & wilkins
_c
2004
300
_a
v, 979 pages
999
_c
354843
_d
354843